Dreamville Artists - Statistics

General Stats
  • This quiz has been taken 21 times
  • The average score is 5 of 8
Answer Stats
Status Song Artist % Correct
Current, Founder No Role Modelz J. Cole
100%
Current, Rapper Surround Sound JID
94%
Current, Rapper Tribe Bas
72%
Current, Duo Meditate EARTHGANG
72%
Current, Rapper Under The Sun Lute
72%
Former, Singer Shea Butter Baby Ari Lennox
61%
Current, Rapper Knock Tha Hustle Cozz
39%
Current, Rapper 48 Laws Omen
33%
No matching quizzes found
Score Distribution
Percent of People with Each Score
Percentile by Number Answered
Your Score History
You have not taken this quiz